[Event "9th Sunway Sitges 2022"]
[Site "Sitges ESP"]
[Date "2022.12.19"]
[Round "7.8"]
[White "Sochacki, Christophe"]
[Black "Moussard, Jules"]
[Result "0-1"]
[WhiteTitle "GM"]
[BlackTitle "GM"]
[WhiteElo "2463"]
[BlackElo "2684"]
[WhiteFideId "662569"]
[BlackFideId "642908"]
[EventDate "2022.12.12"]

1. e4 c5 2. Nf3 d6 3. Bb5+ Nd7 4. c4 Nf6 5. Nc3 g6 6. O-O Bg7 7. d4 cxd4 8. Qxd4
O-O 9. Bxd7 Bxd7 10. Bg5 h6 11. Bd2 a6 12. h3 Bc6 13. Qd3 Nd7 14. Rfe1 Rc8 15.
b4 b6 16. Rac1 Bb7 17. Be3 f5 18. Nd5 e6 19. Nf4 Bxe4 20. Qxd6 Rc6 21. Qd1 e5
22. Nd5 Kh7 23. c5 bxc5 24. bxc5 f4 25. Bxf4 Bxf3 26. Qxf3 Rxc5 27. Rcd1 exf4
28. Nxf4 Re5 29. Qg4 Rxe1+ 30. Rxe1 Qf6 31. Qxd7 Qxf4 32. Re7 Qxf2+ 33. Kh2 Qb2 0-1

[Event "9th Sunway Sitges 2022"]
[Site "Sitges ESP"]
[Date "2022.12.19"]
[Round "7.9"]
[White "Demchenko, Anton"]
[Black "Sardana, Rishi"]
[Result "1-0"]
[WhiteTitle "GM"]
[BlackTitle "IM"]
[WhiteElo "2632"]
[BlackElo "2460"]
[WhiteFideId "4160258"]
[BlackFideId "25004301"]
[EventDate "2022.12.12"]

1. e4 e5 2. Nf3 Nc6 3. Bc4 Bc5 4. d3 Nf6 5. c3 d6 6. O-O h6 7. Re1 O-O 8. h3 a5
9. a4 Be6 10. Bxe6 fxe6 11. Be3 Bxe3 12. Rxe3 Qe8 13. Nbd2 g5 14. Qb3 b6 15. Rc1
Kh8 16. Nh2 Ne7 17. Qxe6 Rf7 18. Ng4 Neg8 19. Qxe8 Rxe8 20. Rf3 Rff8 21. Nc4 Kh7
22. Rf5 Kg6 23. f3 Ne7 24. Rxf6+ Rxf6 25. Nxf6 Kxf6 26. Ne3 Ke6 27. d4 Rb8 28.
dxe5 dxe5 29. Rd1 b5 30. axb5 Rxb5 31. Rd2 h5 32. Kf2 h4 33. Ke2 Ng6 34. Kd3
Nf4+ 35. Kc2 Rb8 36. Rd1 a4 37. Rd2 Ra8 38. Kb1 Rb8 39. Ka2 Rb3 40. Ng4 Rb8 41.
Ka3 Ra8 42. Ne3 Ra5 43. Nc4 Ra7 44. Kb4 Kf6 45. Ne3 Ke6 46. c4 Ra8 47. Nd5 Ra7
48. c5 Nh5 49. Nc3 Nf4 50. Nb5 Rb7 51. c6 1-0

[Event "9th Sunway Sitges 2022"]
[Site "Sitges ESP"]
[Date "2022.12.19"]
[Round "7.10"]
[White "Firat, Burak"]
[Black "Jones, Gawain C B"]
[Result "1/2-1/2"]
[WhiteTitle "GM"]
[BlackTitle "GM"]
[WhiteElo "2460"]
[BlackElo "2630"]
[WhiteFideId "6305881"]
[BlackFideId "409561"]
[EventDate "2022.12.12"]

1. Nf3 Nf6 2. g3 g6 3. Bg2 Bg7 4. O-O c5 5. c4 O-O 6. Nc3 Nc6 7. d3 d6 8. a3 a6
9. Bd2 Rb8 10. Rb1 b5 11. cxb5 axb5 12. b4 cxb4 13. axb4 Re8 14. Qc1 Bd7 15. h3
d5 16. e4 d4 17. Ne2 e5 18. Nh2 Qc8 19. Rb2 Ra8 20. Rc2 Qa6 21. Qb1 Nh5 22. Ng4
Qa3 23. Nc1 Qa1 24. Nb3 Qxb1 25. Rxb1 Rec8 26. Nc5 Be8 27. Bf3 Ra3 28. Kg2 Nd8
29. Rbc1 Rca8 30. Nh6+ Bxh6 31. Bxh6 Ng7 32. Bg4 R3a7 33. Nb3 Nge6 34. Na5 f6
35. Nc6 Bxc6 36. Rxc6 f5 37. exf5 Nxc6 38. Rxc6 Nd8 39. Rc5 Nf7 40. Bc1 gxf5 41.
Bxf5 Ra1 42. f4 Rb1 43. fxe5 Nxe5 44. Rxe5 Rxc1 45. Rxb5 Re1 1/2-1/2

[Event "9th Sunway Sitges 2022"]
[Site "Sitges ESP"]
[Date "2022.12.19"]
[Round "7.11"]
[White "Woodward, Andy"]
[Black "Aryan, Chopra"]
[Result "1/2-1/2"]
[WhiteTitle "IM"]
[BlackTitle "GM"]
[WhiteElo "2457"]
[BlackElo "2618"]
[WhiteFideId "30953499"]
[BlackFideId "5084423"]
[EventDate "2022.12.12"]

1. d4 Nf6 2. c4 g6 3. Nc3 Bg7 4. e4 d6 5. Be2 O-O 6. Be3 Nc6 7. d5 Ne5 8. f4
Neg4 9. Bd2 Nh6 10. Nf3 c6 11. O-O cxd5 12. cxd5 b5 13. Bd3 b4 14. Na4 Bd7 15.
Rc1 Bxa4 16. Qxa4 Qb6+ 17. Kh1 Nhg4 18. Rc6 Nf2+ 19. Kg1 Nh3+ 20. Kh1 Nf2+ 21.
Kg1 Nh3+ 22. Kh1 Nf2+ 1/2-1/2

[Event "9th Sunway Sitges 2022"]
[Site "Sitges ESP"]
[Date "2022.12.19"]
[Round "7.12"]
[White "Puranik, Abhimanyu"]
[Black "Raja, Rithvik R"]
[Result "1-0"]
[WhiteTitle "GM"]
[BlackTitle "GM"]
[WhiteElo "2616"]
[BlackElo "2453"]
[WhiteFideId "5061245"]
[BlackFideId "35007394"]
[EventDate "2022.12.12"]

1. e4 e5 2. Nf3 Nf6 3. Nxe5 d6 4. Nf3 Nxe4 5. d4 d5 6. Bd3 Bd6 7. O-O O-O 8. c4
c6 9. Re1 Bf5 10. Qb3 Qd7 11. c5 Bc7 12. Nbd2 Re8 13. Nh4 Be6 14. Qc2 f5 15. f3
Qd8 16. g3 Nxg3 17. hxg3 Bxg3 18. Rxe6 Rxe6 19. Nxf5 Qg5 20. Ne4 Qxf5 21. Ng5
Qf6 22. Bxh7+ Kh8 23. Nxe6 Qxe6 24. Bg5 Qh3 25. Bg6 Bh4 26. Bxh4 Qxh4 27. Qf5
Qg3+ 28. Kh1 Nd7 29. Rg1 Qf2 30. Qh5+ Kg8 31. Bf7+ Kf8 32. Be6 g6 33. Qh8+ Ke7
34. Qg7+ 1-0

[Event "9th Sunway Sitges 2022"]
[Site "Sitges ESP"]
[Date "2022.12.19"]
[Round "7.13"]
[White "Safarli, Eltaj"]
[Black "Abdisalimov, Abdimalik"]
[Result "1/2-1/2"]
[WhiteTitle "GM"]
[BlackTitle "IM"]
[WhiteElo "2616"]
[BlackElo "2447"]
[WhiteFideId "13402129"]
[BlackFideId "14206323"]
[EventDate "2022.12.12"]

1. e4 e5 2. Nf3 Nc6 3. Bb5 Nf6 4. O-O Nxe4 5. Re1 Nd6 6. Nxe5 Be7 7. Bf1 Nxe5 8.
Rxe5 O-O 9. d4 Ne8 10. c4 Bf6 11. Re1 d5 12. cxd5 Qxd5 13. Be3 Nd6 14. Nc3 Qa5
15. b4 Qf5 16. Bd3 Qg4 17. Nd5 Bd8 18. Bf4 Qxd1 19. Rexd1 Be6 20. Bxd6 cxd6 21.
Be4 Rc8 22. f3 b5 23. Rac1 Bg5 24. f4 Bf6 25. Nxf6+ gxf6 26. Bc6 Rc7 27. d5 Bg4
28. Re1 Rfc8 29. Kf2 Kf8 30. Rc3 Be6 31. Ra3 Bd7 32. Rc1 Bxc6 33. Rac3 Ke7 34.
dxc6 Ke6 35. Kf3 f5 36. R3c2 h5 37. Rc3 a6 38. R1c2 f6 39. Re3+ Kf7 40. Rec3 Ke6
41. a3 d5 42. Rc5 Kd6 1/2-1/2

[Event "9th Sunway Sitges 2022"]
[Site "Sitges ESP"]
[Date "2022.12.19"]
[Round "7.14"]
[White "Garcia Ramos, Daniel"]
[Black "Durarbayli, Vasif"]
[Result "0-1"]
[WhiteTitle "IM"]
[BlackTitle "GM"]
[WhiteElo "2439"]
[BlackElo "2612"]
[WhiteFideId "32010311"]
[BlackFideId "13402935"]
[EventDate "2022.12.12"]

1. e4 e6 2. d4 d5 3. exd5 exd5 4. Nf3 Bd6 5. c4 Nf6 6. c5 Be7 7. Bd3 b6 8. cxb6
axb6 9. O-O Bg4 10. Nc3 O-O 11. h3 Bh5 12. Re1 Nc6 13. Be3 Bb4 14. Rc1 Bxc3 15.
Rxc3 Nb4 16. Bf4 Ne4 17. Rxc7 Rxa2 18. Bb1 Rxb2 19. Qc1 Rxf2 20. Be3 Na2 21.
Bxa2 Rxa2 22. Ne5 Qh4 23. Qb1 Qg3 24. Qxa2 Qxe1+ 25. Kh2 Qxe3 26. Qxd5 h6 27.
Re7 Qg3+ 28. Kg1 Ng5 29. Qd7 Nf3+ 0-1

[Event "9th Sunway Sitges 2022"]
[Site "Sitges ESP"]
[Date "2022.12.19"]
[Round "7.15"]
[White "Adhiban, Baskaran"]
[Black "Fataliyeva, Ulviyya"]
[Result "1-0"]
[WhiteTitle "GM"]
[BlackTitle "IM"]
[WhiteElo "2611"]
[BlackElo "2428"]
[WhiteFideId "5018471"]
[BlackFideId "13403052"]
[EventDate "2022.12.12"]

1. c4 e6 2. Nf3 Nf6 3. d4 d5 4. Nc3 Bb4 5. e3 O-O 6. Bd2 Re8 7. Be2 dxc4 8. Bxc4
c5 9. a3 Bxc3 10. Bxc3 Ne4 11. Rc1 Nxc3 12. Rxc3 cxd4 13. Nxd4 a6 14. O-O b5 15.
Be2 Ra7 16. Qc2 Rd7 17. Nxb5 axb5 18. Bxb5 Bb7 19. Bxd7 Qxd7 20. Rd1 Qb5 21. Rb3
Qa4 22. Rd4 Qa8 23. f3 Nc6 24. Rd7 Bc8 25. Rd6 Ne7 26. Qc7 Nd5 27. Qc6 Qxc6 28.
Rxc6 Bd7 29. Rd6 Ba4 30. Rb7 Rc8 31. e4 Nf4 32. Rc7 Rb8 33. Rb7 Rc8 34. g3 Rc1+
35. Kf2 Rc2+ 36. Ke3 Ng2+ 37. Kd4 h5 38. b3 1-0

[Event "9th Sunway Sitges 2022"]
[Site "Sitges ESP"]
[Date "2022.12.19"]
[Round "7.16"]
[White "Ajay, Karthikeyan"]
[Black "Kollars, Dmitrij"]
[Result "1/2-1/2"]
[WhiteTitle "IM"]
[BlackTitle "GM"]
[WhiteElo "2430"]
[BlackElo "2610"]
[WhiteFideId "35011685"]
[BlackFideId "12909572"]
[EventDate "2022.12.12"]

1. e4 e5 2. Nf3 Nc6 3. Bc4 Bc5 4. c3 Nf6 5. d4 exd4 6. e5 d5 7. Bb5 Ne4 8. cxd4
Bb6 9. Nc3 O-O 10. Be3 Bg4 11. h3 Bh5 12. Qc2 Nxc3 13. bxc3 f6 14. exf6 Qxf6 15.
Be2 Bg6 16. Qb3 Qe6 17. O-O Na5 18. Qb4 Nc4 19. Bxc4 Rxf3 20. gxf3 dxc4 21. Kh2
Rf8 22. f4 Bf5 23. Rg1 Bxh3 24. Rg5 Bf5 25. Qb5 c5 26. dxc5 Bd8 27. Rxf5 Rxf5
28. Qxb7 Be7 29. Qa8+ Kf7 30. Qf3 Qg6 31. Qg3 Bxc5 32. Qxg6+ Kxg6 33. Rb1 Bd6
34. Bxa7 Bxf4+ 35. Kg2 Ra5 36. Bd4 Rxa2 37. Rb4 Kf5 38. Bxg7 Be3 39. Kf3 Ba7 40.
Rxc4 Rxf2+ 41. Kg3 Rf1 42. Bd4 Bxd4 43. Rxd4 Rc1 1/2-1/2

[Event "9th Sunway Sitges 2022"]
[Site "Sitges ESP"]
[Date "2022.12.19"]
[Round "7.17"]
[White "Sanal, Vahap"]
[Black "Prraneeth, Vuppala"]
[Result "1/2-1/2"]
[WhiteTitle "GM"]
[BlackTitle "IM"]
[WhiteElo "2597"]
[BlackElo "2427"]
[WhiteFideId "6300545"]
[BlackFideId "46622373"]
[EventDate "2022.12.12"]

1. Nf3 d5 2. g3 g6 3. Bg2 Bg7 4. d4 c6 5. O-O Nf6 6. Nbd2 O-O 7. c4 Bf5 8. b3
Ne4 9. Bb2 a5 10. Nh4 Nxd2 11. Qxd2 Be6 12. e4 dxc4 13. d5 Bxb2 14. Qxb2 cxd5
15. exd5 Bxd5 16. Rad1 c3 17. Qxc3 e6 18. Bxd5 exd5 19. Qf3 Nc6 20. Rxd5 Nd4 21.
Qe4 Ne2+ 22. Kg2 Nc3 23. Rxd8 Nxe4 24. Rd7 b5 25. Nf3 b4 26. Rfd1 Nc3 27. R1d2
Ne4 28. R2d4 Nc3 29. Rd2 Ne4 30. Rc2 Nc3 31. Ne5 Rad8 32. Ra7 Ra8 33. Rd7 Rad8
34. Rxd8 Rxd8 35. Nc6 Rd6 36. Nxa5 Ra6 37. Nc4 Nxa2 38. Kf3 Nc3 39. Rd2 Kg7 40.
Ke3 Re6+ 41. Kd4 Rc6 42. Rd3 Nb5+ 43. Kd5 Rc7 44. Ke4 Re7+ 45. Kf3 Re1 46. Rd7
Rb1 47. Nd2 Re1 48. Rd5 Nc3 49. Rd4 Na2 50. Rc4 h6 51. h4 g5 52. hxg5 hxg5 53.
Rc5 f6 54. g4 Nc3 55. Rc7+ Kg6 56. Nc4 Re4 57. Ne3 Rf4+ 58. Kg2 Nb5 59. Rb7 Nd6
60. Re7 Re4 61. Rc7 Nf7 62. Rc4 Rxc4 63. Nxc4 f5 64. Ne3 Nh6 65. f3 Kf6 66. gxf5
Nxf5 67. Nc2 Ke5 68. Nxb4 Nd4 69. Nd3+ Kf5 70. b4 g4 71. fxg4+ Kxg4 72. Kf2 Kf5
73. Ke3 Nc2+ 74. Kd2 Nxb4 75. Nxb4 1/2-1/2

[Event "9th Sunway Sitges 2022"]
[Site "Sitges ESP"]
[Date "2022.12.19"]
[Round "7.18"]
[White "Kraemer, Martin"]
[Black "Jain, Kashish Manoj"]
[Result "1/2-1/2"]
[WhiteTitle "GM"]
[BlackTitle "FM"]
[WhiteElo "2583"]
[BlackElo "2334"]
[WhiteFideId "4671910"]
[BlackFideId "35081098"]
[EventDate "2022.12.12"]

1. e4 c5 2. Nf3 d6 3. d4 cxd4 4. Nxd4 Nf6 5. Nc3 Nc6 6. Bg5 e6 7. Qd2 a6 8.
O-O-O Bd7 9. f4 b5 10. Bxf6 gxf6 11. Kb1 Qb6 12. Nxc6 Bxc6 13. f5 h5 14. fxe6
fxe6 15. Qe1 O-O-O 16. Bd3 Qc5 17. Rf1 Rg8 18. Ne2 Qe5 19. Qf2 Bb7 20. Nf4 Bh6
21. g3 h4 22. gxh4 Rg4 23. Ne2 Bxe4 24. Bxe4 Rxe4 25. Qb6 Rxe2 26. Qc6+ Kb8 27.
Qb6+ Kc8 28. Qc6+ 1/2-1/2

[Event "9th Sunway Sitges 2022"]
[Site "Sitges ESP"]
[Date "2022.12.19"]
[Round "7.19"]
[White "Svane, Frederik"]
[Black "Sidhant, Mohapatra"]
[Result "1/2-1/2"]
[WhiteTitle "GM"]
[BlackTitle "IM"]
[WhiteElo "2568"]
[BlackElo "2337"]
[WhiteFideId "12923044"]
[BlackFideId "5028698"]
[EventDate "2022.12.12"]

1. c4 e6 2. Nf3 d5 3. e3 Nf6 4. b3 c6 5. d4 Ne4 6. Bd3 Bb4+ 7. Nbd2 Nd7 8. a3
Bc3 9. Rb1 e5 10. O-O Bxd2 11. Bxd2 Nxd2 12. Nxd2 e4 13. Be2 O-O 14. b4 f5 15.
Qc2 f4 16. cxd5 cxd5 17. Qb3 Nb6 18. exf4 Rxf4 19. Qe3 Qd6 20. Rbc1 Bd7 21. Nb3
Raf8 22. Nc5 Bg4 23. Bxg4 Rxg4 24. f3 exf3 25. Rxf3 Rxf3 26. Qxf3 Rf4 27. Qg3
Nc4 28. Re1 Rf8 29. Qxd6 Nxd6 30. Re5 Nc4 31. Re7 Rf7 32. Re8+ Rf8 33. Re7 Rf7
34. Rxb7 Rxb7 35. Nxb7 Nxa3 36. Nd8 Nb5 37. Nc6 Kf7 38. Kf2 Ke6 39. Ke3 Kd6 40.
Ne5 a6 41. Kd3 Na7 42. Kc3 Nb5+ 43. Kd3 Na7 44. Nf7+ Kc6 45. Kc2 Nb5 46. Ne5+
Kb6 47. Nd7+ 1/2-1/2

[Event "9th Sunway Sitges 2022"]
[Site "Sitges ESP"]
[Date "2022.12.19"]
[Round "7.20"]
[White "Sammed Jaykumar, Shete"]
[Black "Sumets, Andrey"]
[Result "0-1"]
[WhiteTitle "IM"]
[BlackTitle "GM"]
[WhiteElo "2430"]
[BlackElo "2506"]
[WhiteFideId "5073421"]
[BlackFideId "14105500"]
[EventDate "2022.12.12"]

1. d4 Nf6 2. c4 e6 3. Nf3 d5 4. Nc3 c6 5. e3 Nbd7 6. Be2 Bd6 7. O-O O-O 8. b3 b6
9. Bb2 Bb7 10. Bd3 Re8 11. Re1 c5 12. cxd5 exd5 13. Nb5 Bb8 14. Rc1 Ne4 15. dxc5
Ndxc5 16. Nbd4 Nxd3 17. Qxd3 Bd6 18. Nb5 Nc5 19. Qd4 Bf8 20. Red1 Qd7 21. Nc3
Rad8 22. Ne2 Rc8 23. Ng3 Qe6 24. Qf4 Bc6 25. Qd4 Bb7 26. Ng5 Qg6 27. h4 h6 28.
Nf3 Ne4 29. h5 Qe6 30. Ne2 Qg4 31. Qa4 a6 32. Nf4 b5 33. Qa5 d4 34. Nxd4 Ng5 35.
Qb6 Nh3+ 36. Kh2 Nxf2 37. Rf1 Qh4+ 38. Nh3 Bxg2 39. Kxg2 Qxh3+ 40. Kxf2 Qh2+ 41.
Kf3 Qh3+ 42. Kf2 Qxe3+ 43. Kg2 Qg5+ 44. Kf2 Qd2+ 45. Kg1 Qxb2 46. Rxc8 Rxc8 47.
Rxf7 Qc1+ 48. Rf1 Qg5+ 49. Kf2 Qf4+ 50. Kg2 Qg5+ 51. Kh2 Qxh5+ 52. Kg2 Qg5+ 53.
Kh1 Qh4+ 54. Kg2 Qg4+ 55. Kh2 Rc3 56. Qe6+ Qxe6 57. Nxe6 Bd6+ 58. Kg1 Rc2 59.
Rd1 Bh2+ 60. Kh1 Rxa2 61. Rd7 Be5 62. Nc5 Bf6 63. Rb7 Rb2 64. Ra7 Bd4 65. Ra8+
Kf7 66. Ra7+ Kg6 67. Rxa6+ Kf5 68. Rb6 Kg4 0-1

[Event "9th Sunway Sitges 2022"]
[Site "Sitges ESP"]
[Date "2022.12.19"]
[Round "7.21"]
[White "Tahay, Alexis"]
[Black "Sankalp, Gupta"]
[Result "1/2-1/2"]
[WhiteTitle "IM"]
[BlackTitle "GM"]
[WhiteElo "2400"]
[BlackElo "2485"]
[WhiteFideId "26090961"]
[BlackFideId "5097010"]
[EventDate "2022.12.12"]

1. e4 c5 2. Nf3 d6 3. d4 cxd4 4. Nxd4 Nf6 5. Nc3 Nc6 6. Bg5 e6 7. Qd2 a6 8.
O-O-O Bd7 9. f4 Be7 10. Be2 h6 11. Bh4 b5 12. Bxf6 Bxf6 13. Nxc6 Bxc6 14. Qxd6
Qxd6 15. Rxd6 Rc8 16. Bf3 Bxc3 17. bxc3 g5 18. f5 exf5 19. exf5 Bxf3 20. gxf3
Kf8 21. Rxa6 Kg7 22. f4 Rc5 23. f6+ Kg6 24. Rg1 Rf5 25. a4 bxa4 26. Rxa4 Kxf6
27. Rf1 Kg6 28. Rd4 Rxf4 29. Rdxf4 gxf4 30. Rxf4 f5 31. h4 Kf6 32. Kd2 Rg8 33.
c4 Ke5 34. Rf3 Rg4 35. c5 Rxh4 36. Rc3 Rd4+ 37. Ke3 1/2-1/2

[Event "9th Sunway Sitges 2022"]
[Site "Sitges ESP"]
[Date "2022.12.19"]
[Round "7.22"]
[White "Harshad, S"]
[Black "Aditya, Mittal"]
[Result "1/2-1/2"]
[WhiteTitle "FM"]
[BlackTitle "IM"]
[WhiteElo "2202"]
[BlackElo "2479"]
[WhiteFideId "46616551"]
[BlackFideId "35042025"]
[EventDate "2022.12.12"]

1. e4 c5 2. Nf3 d6 3. d4 cxd4 4. Nxd4 Nf6 5. Nc3 a6 6. Rg1 h5 7. Be3 g6 8. h3 b5
9. a4 bxa4 10. g4 hxg4 11. hxg4 Bg7 12. g5 Nfd7 13. Bc4 Bb7 14. Qe2 Qc8 15. Nxa4
Nc6 16. Rd1 Nxd4 17. Bxd4 Bxd4 18. Rxd4 Ne5 19. Rg3 Rh3 20. Bb3 Rxg3 21. fxg3
Qh3 22. Rb4 Bc8 23. Qe3 Bg4 24. Nb6 Rb8 25. Kd2 a5 26. Rb5 Qf1 27. Rxa5 Rxb6 28.
Ba4+ Kf8 29. Rxe5 Ra6 30. Bb5 Qg2+ 31. Kc3 Ra8 32. Rd5 Rc8+ 33. Bc4 Be6 34. Rd4
Bxc4 35. Rxc4 Rxc4+ 36. Kxc4 Qxc2+ 37. Qc3 Qxe4+ 38. Kb3 Kg8 39. Ka3 Qa8+ 40.
Kb4 Qe4+ 41. Ka3 Qa8+ 42. Kb4 Qd5 43. Ka4 e5 44. b4 Qa2+ 45. Kb5 e4 46. Qc8+ Kg7
47. Qc3+ Kf8 48. Qc8+ Kg7 49. Qc3+ Kf8 1/2-1/2

[Event "9th Sunway Sitges 2022"]
[Site "Sitges ESP"]
[Date "2022.12.19"]
[Round "7.23"]
[White "Gokerkan, Cem Kaan"]
[Black "Ortega Serra, Marc"]
[Result "1-0"]
[WhiteTitle "IM"]
[WhiteElo "2470"]
[BlackElo "2291"]
[WhiteFideId "6336760"]
[BlackFideId "2293137"]
[EventDate "2022.12.12"]

1. Nf3 Nf6 2. g3 d5 3. Bg2 c6 4. O-O h6 5. c4 Bf5 6. Qb3 Qb6 7. d3 e6 8. cxd5
exd5 9. Qc2 Nbd7 10. Nc3 Be7 11. e4 dxe4 12. dxe4 Bh7 13. Qe2 Nc5 14. Be3 Qa6
15. Qxa6 Nxa6 16. e5 Ne4 17. Nxe4 Bxe4 18. Nd4 Bxg2 19. Kxg2 Nb4 20. f4 Nd5 21.
Bg1 O-O-O 22. Nf5 Bf8 23. Rfd1 g6 24. Ne3 Nxe3+ 25. Bxe3 b6 26. Rxd8+ Kxd8 27.
Kf3 Be7 28. a4 Kc7 29. a5 Kb7 30. a6+ Kc7 31. Rd1 c5 32. g4 f5 33. gxf5 gxf5 34.
Rg1 Kd7 35. Rg6 h5 36. Ke2 Rc8 37. Kd3 Rc6 38. Rg7 b5 39. Rh7 Rxa6 40. Bxc5 Re6
41. b4 a6 42. Kd4 1-0

[Event "9th Sunway Sitges 2022"]
[Site "Sitges ESP"]
[Date "2022.12.19"]
[Round "7.24"]
[White "Van Foreest, Jorden"]
[Black "Abdurakhmonov, Mukhammadali"]
[Result "1/2-1/2"]
[WhiteTitle "GM"]
[BlackTitle "IM"]
[WhiteElo "2690"]
[BlackElo "2397"]
[WhiteFideId "1039784"]
[BlackFideId "14207346"]
[EventDate "2022.12.12"]

1. e4 c5 2. Nf3 e6 3. d4 cxd4 4. Nxd4 a6 5. Bd3 Nf6 6. Qe2 d6 7. O-O g6 8. c4
Bg7 9. Nc3 O-O 10. Rd1 Nbd7 11. Be3 Qc7 12. Rac1 Ne5 13. f3 Bd7 14. Qd2 Rac8 15.
b3 Rfd8 16. Bf1 Be8 17. Kh1 b6 18. Bg5 Qb7 19. Qf4 Ned7 20. Qh4 Rc5 21. b4 h6
22. bxc5 hxg5 23. c6 gxh4 24. cxb7 Rb8 25. Nc6 Rxb7 26. Ne7+ Kf8 27. Nc8 Rc7 28.
Nxd6 Nc5 29. e5 Nh5 30. Re1 Nf4 31. Rcd1 Bc6 32. Rb1 h3 33. Rxb6 hxg2+ 34. Bxg2
Ncd3 35. Rb8+ Ke7 36. Nc8+ Rxc8 37. Rxc8 Bd7 38. Rg8 Nxe1 39. Rxg7 Kf8 40. Rh7
Kg8 41. Rh4 Nfxg2 42. Rd4 Bc6 43. Rd6 Bxf3 44. Kg1 Nf4 45. c5 Kf8 46. c6 Ke7 47.
c7 Bb7 48. Rd8 Nf3+ 49. Kf2 Nxe5 50. Rb8 Nfd3+ 51. Ke3 Kd7 52. Rxb7 Kc8 53. Ra7
Nb4 54. a3 Nc4+ 55. Kf4 Nxa3 56. Ra8+ Kxc7 57. Ra7+ Kd6 58. Rxf7 Nc4 59. Ra7 Ne5
60. h3 Nec6 61. Ra8 Nd3+ 62. Kg5 Nf2 63. Rf8 Nxh3+ 64. Kxg6 e5 65. Kf5 Nf4 66.
Ke4 Ne6 67. Rf6 Nd4 68. Na4 Nb3 69. Rh6 a5 70. Rg6 Nd4 71. Nb2 Kc5 72. Nd3+ Kb5
73. Kxe5 a4 74. Rg8 Kc4 75. Nb2+ Kb3 76. Rb8+ Kc2 77. Kd5 a3 78. Nc4 a2 79. Rb2+
Kc3 80. Rxa2 Nc7+ 81. Ke4 Kxc4 82. Ra4+ Kc5 83. Rxd4 Nb5 84. Rd8 Nd6+ 85. Kd3
Kd5 86. Rh8 Ke5 87. Rh4 Nf5 88. Re4+ Kd5 89. Ra4 Nd6 90. Ra5+ Ke6 91. Kd4 Nf5+
92. Ke4 Nd6+ 93. Kf4 Nc4 94. Rc5 Nd6 95. Re5+ Kf6 96. Re1 Nf5 97. Rh1 Ke6 98.
Re1+ Kf6 99. Ke4 Ke6 100. Rd1 Nd6+ 101. Rxd6+ 1/2-1/2

[Event "9th Sunway Sitges 2022"]
[Site "Sitges ESP"]
[Date "2022.12.19"]
[Round "7.26"]
[White "Bernadskiy, Vitaliy"]
[Black "Dionisi, Thomas"]
[Result "1-0"]
[WhiteTitle "GM"]
[BlackTitle "IM"]
[WhiteElo "2617"]
[BlackElo "2390"]
[WhiteFideId "14100371"]
[BlackFideId "651893"]
[EventDate "2022.12.12"]

1. e4 e5 2. Nf3 Nc6 3. Bb5 a6 4. Ba4 Bc5 5. c3 Nge7 6. d4 exd4 7. cxd4 Bb4+ 8.
Nc3 d5 9. O-O dxe4 10. Nxe4 O-O 11. a3 Bd6 12. h3 Bf5 13. Re1 Nd5 14. Bg5 Nce7
15. Bb3 Bxe4 16. Rxe4 c6 17. Qd3 Qd7 18. Rae1 Ng6 19. Nh4 Ngf4 20. Qf3 Rfe8 21.
Bxf4 Nxf4 22. Nf5 Ne6 23. Qg4 Bf8 24. Nh6+ Kh8 25. Nxf7+ Qxf7 26. Bxe6 Qf6 27.
Rf4 Qh6 28. Rf7 b5 29. g3 Rad8 30. Re4 c5 31. d5 c4 32. Kg2 Bc5 33. Qf5 1-0

[Event "9th Sunway Sitges 2022"]
[Site "Sitges ESP"]
[Date "2022.12.19"]
[Round "7.27"]
[White "Carbonell Sancho, Marc"]
[Black "Alsina Leal, Daniel"]
[Result "0-1"]
[WhiteTitle "FM"]
[BlackTitle "GM"]
[WhiteElo "2384"]
[BlackElo "2527"]
[WhiteFideId "32029969"]
[BlackFideId "2252627"]
[EventDate "2022.12.12"]

1. e4 c5 2. Nf3 Nc6 3. d4 cxd4 4. Nxd4 Nf6 5. Nc3 e5 6. Ndb5 d6 7. Bg5 a6 8. Na3
b5 9. Nd5 Be7 10. Bxf6 Bxf6 11. c4 b4 12. Nc2 O-O 13. g3 a5 14. Bg2 g6 15. O-O
Bg7 16. Qd3 Be6 17. b3 Qb8 18. Rad1 Bxd5 19. exd5 Nd4 20. Nxd4 exd4 21. Rfe1 a4
22. Bh3 axb3 23. axb3 Qb7 24. Re2 Rfe8 25. Rde1 Rxe2 26. Rxe2 Ra1+ 27. Kg2 Be5
28. Qe4 Qa7 29. c5 Qxc5 30. Rc2 Re1 31. Qxe1 Qxc2 32. Qxb4 d3 33. Qc4 h5 34. Qe4
Qxb3 35. Bd7 d2 36. Be6 Kg7 0-1

[Event "9th Sunway Sitges 2022"]
[Site "Sitges ESP"]
[Date "2022.12.19"]
[Round "7.28"]
[White "Arjun, Kalyan"]
[Black "Sattarov, Bobir"]
[Result "1-0"]
[WhiteTitle "GM"]
[BlackTitle "IM"]
[WhiteElo "2505"]
[BlackElo "2389"]
[WhiteFideId "35018701"]
[BlackFideId "14203081"]
[EventDate "2022.12.12"]

1. e4 d5 2. exd5 Qxd5 3. Nc3 Qe5+ 4. Be2 Bg4 5. d4 Bxe2 6. Ngxe2 Qa5 7. b4 Qh5
8. d5 Nf6 9. O-O e6 10. dxe6 Bxb4 11. exf7+ Qxf7 12. Rb1 Nc6 13. a3 Bc5 14. Bg5
Rd8 15. Qc1 Bb6 16. Bxf6 Qxf6 17. Ne4 Qe7 18. N2g3 O-O 19. c4 Bd4 20. c5 Rde8
21. Rxb7 h5 22. Qc4+ Qf7 23. Qxf7+ Rxf7 24. h4 g6 25. Rd1 Ree7 26. Kf1 Rf4 27.
f3 Rxh4 28. Rb3 Rf4 29. Nc3 Rff7 30. Nd5 Rd7 31. Nb4 Na5 32. Rbb1 Be3 1-0

[Event "9th Sunway Sitges 2022"]
[Site "Sitges ESP"]
[Date "2022.12.19"]
[Round "7.29"]
[White "Nevednichy, Vladislav"]
[Black "Rendle, Thomas E"]
[Result "1-0"]
[WhiteTitle "GM"]
[BlackTitle "IM"]
[WhiteElo "2502"]
[BlackElo "2381"]
[WhiteFideId "1205730"]
[BlackFideId "408760"]
[EventDate "2022.12.12"]

1. e4 e6 2. d4 d5 3. Nc3 Nf6 4. e5 Nfd7 5. f4 c5 6. Nf3 Nc6 7. Be3 Be7 8. Qd2
O-O 9. dxc5 Nxc5 10. O-O-O Rb8 11. Qf2 Qa5 12. Kb1 b6 13. Bd2 Rd8 14. Qe1 b5 15.
Nxd5 Qa6 16. Nxe7+ Nxe7 17. Bb4 Rxd1+ 18. Qxd1 Nd5 19. Bxc5 Qc6 20. Bd6 Rb6 21.
Nd4 1-0